U.S. Demography Challenge - Statistics

General Stats
  • This quiz has been taken 86 times
  • The average score is 4 of 10
Answer Stats
Hint Answer % Correct
Blackest state in the U.S.A. as a percentage of its population Mississippi
87%
Whitest State in the U.S.A. as a percentage of its population Maine
86%
State with the lowest median age of its total population at 30.7 years old Utah
54%
State with the highest numerical amount of American Indians Oklahoma
46%
State with the fewest numerical amount of blacks Montana
41%
State with the highest median age for hispanics or latinos, at 35.2 years old Florida
17%
State with the highest median age for non-hispanic asians, at 48.6 years old Hawaii
17%
State with the highest median age for non-hispanic blacks at 36.5 years old California
13%
State with the highest median age for non-hispanic whites, at 49.6 years old New Mexico
13%
Whites accounted for 60% of this states population growth in the past year; the highest such % in the country South Carolina
11%
No matching quizzes found
Score Distribution
Percent of People with Each Score
Percentile by Number Answered
Your Score History
You have not taken this quiz